Name the 12 provinces of the Netherlands - Statistics

General Stats
  • This quiz has been taken 32 times
  • The average score is 11 of 12
Answer Stats
Answer % Correct
Limburg
96%
Noord-Brabant
96%
Noord-Holland
96%
Zeeland
96%
Zuid-Holland
96%
Flevoland
92%
Friesland
92%
Utrecht
92%
Gelderland
88%
Groningen
88%
Overijssel
85%
Drenthe
77%
No matching quizzes found
Score Distribution
Percent of People with Each Score
Percentile by Number Answered
Your Score History
You have not taken this quiz